|
|
|
|
| LEADER |
00000cam a2200000 7i4500 |
| 001 |
0000001715 |
| 005 |
20011101.0 |
| 090 |
0 |
0 |
|a 577.55276
|b NAT 1991
|
| 110 |
1 |
0 |
|a NATIONAL Biological Conference of Thailand, Including Asia and the Pacific Regions, on Global Change : Effects on Tropical Forests, Agricultural, Urban and Industrial Ecosystems
|k 1990
|j Bangkok, Thailand
|
| 245 |
1 |
0 |
|a Proceedings of the ... , Bangkok, 22-24 October, 1990
|c edited by Pongpan Kongtong ... [et al.]
|
| 260 |
0 |
0 |
|a Bangkok :
|b International Tropical Timber Organization ,
|c 1991
|
| 300 |
|
|
|a xiv, 132 p. :
|b ill., maps ;
|c 30 cm.
|
| 440 |
0 |
0 |
|a ITTO technical series ; 6
|
| 500 |
0 |
0 |
|a Includes bibliographical references
|
| 650 |
0 |
0 |
|a Climatic changes
|x Tropics
|x Congresses
|
| 650 |
0 |
0 |
|a Forest ecology
|z Tropics
|x Congresses
|
| 650 |
0 |
0 |
|a Forest microclimatology
|x Tropics
|x Congresses
|
| 700 |
0 |
1 |
|a Pongpan Kongtong
|
| 710 |
1 |
1 |
|a International Tropical Timber Organization (ITTO)
|
| 998 |
|
|
|a JPSM
|
| 999 |
|
|
|a 0000002739
|b Monograph
|c Open Shelf
|e Default branch
|